Technology of Engineering Materials (Record no. 527602)
[ view plain ]
| 000 -LEADER | |
|---|---|
| fixed length control field | 00357nam a22001337a 4500 |
| 020 ## - INTERNATIONAL STANDARD BOOK NUMBER | |
| International Standard Book Number | 9789351072256 |
| Qualifying information | PB |
| 040 ## - CATALOGING SOURCE | |
| Transcribing agency | NUST |
| Modifying agency | NUST |
| 082 ## - DEWEY DECIMAL CLASSIFICATION NUMBER | |
| Classification number | 620.11 |
| Author Mark | PHI |
| 100 ## - MAIN ENTRY--PERSONAL NAME | |
| Personal name | Philip, Mathew & Bolton , Bill |
| 9 (RLIN) | 18938 |
| 245 ## - TITLE STATEMENT | |
| Title | Technology of Engineering Materials |
| 260 ## - PUBLICATION, DISTRIBUTION, ETC. | |
| Place of publication, distribution, etc. | NEW Delhi, ; |
| Name of publisher, distributor, etc. | Elsevier, |
| Date of publication, distribution, etc. | 2014. |
| 300 ## - PHYSICAL DESCRIPTION | |
| Extent | 471 p. ; |
| Other physical details | 28 cm. |
| 942 ## - ADDED ENTRY ELEMENTS (KOHA) | |
| Source of classification or shelving scheme | |
| Koha item type | Book |
| Withdrawn status | Lost status | Source of classification or shelving scheme | Damaged status | Not for loan | Permanent Location | Current Location | Shelving location | Date acquired | Full call number | Barcode | Date last seen | Price effective from | Koha item type | Public note |
|---|---|---|---|---|---|---|---|---|---|---|---|---|---|---|
| School of Mechanical & Manufacturing Engineering (SMME) | School of Mechanical & Manufacturing Engineering (SMME) | General Stacks | 08/01/2019 | 620.11 PHI | SMME-3456 | 08/01/2019 | 08/01/2019 | Book | Rack,40-Shelf,2 |
